00961nam a22002417a 45000010005000000030006000050050017000110080041000280200018000690400029000870500008001160820008001241000023001322450043001552600039001983000053002374900026002905050008003165200314003245210029006385210020006677000032006878210FISKH20250902144703.0250902b cb ||||| |||| 00| 0 eng d a9780545256339 aFISKHbengcFISKHdFISKH aPZ7 a416 aCharlesworth, Liza aCloud pictures /cBy Liza Charlesworth aNew York : bScholastic , c2010.  a8 pages : bcolor illustrations ;c14 x 14 cm .  aFirst Little Readers  aA  aCloud pictures, Meet my baby brother, Tiny things , Animal farm, I get it, Biscuit and the mule, Biscuit bakes a cake, Biscuit and the geese, In winter, Hot summer, Jimmy is hungry , Draw a picture, Vegetables, Go to the zoo, I'm the king, Emotions, I like socks , The wheels on the bus, Shopping, Ear song . 8 a100 bLexile estimate 8 aA bRaz-Plus  aKennedy, AnneeIllustrator